Responses for Show #3735 - Friday, November 24, 2000

Contestants

[<< previous game]

Matt Myers, a network engineer originally from Baltimore, Maryland

Mike Goldstein, a writer from Studio City, California

Michelle Bowen-Ziecheck, a film student from Laurel, Maryland (whose 1-day cash winnings total $8,400)

[next game >>]

Jeopardy! Round responses

SOUTH OF THE EQUATOR
BREWERIES
FAMOUS FACES
CLASSIC TV TITLE ROLES
INNOVATIONS
ENDS IN "UP"
    $100 21
(Mike: What is South Africa?)

Kalahari

MikeMatt
    $100 18
Detroit

Mike
    $100 13
Neil Armstrong

Mike
    $100 8
The Jeffersons

Michelle
    $100 5
Magnifying glass

Michelle
    $100 1
Ketchup

Matt
    $200 22
Argentina

Michelle
    $200 19
Barrels

Michelle
    $200 14
Timothy Leary

Mike
    $200 9
Barney Miller

Michelle
    $200 6
(Michelle: What is a lint keeper?)
(Matt: What is a lint trap?)
(Mike: What is a lock?)

Window

MichelleMikeMatt
Triple Stumper
    $200 2
Makeup

Matt
    $300 23
(Matt: What is Ecuador?)
(Mike: No response)

New Zealand

MichelleMikeMatt
    $300 20
Copenhagen

Triple Stumper
    $300 15
Howard Cosell

Matt
    $300 10
ALF

Michelle
    $300 24
Rubbermaid

Mike
    $300 3
Lineup

Mike
    $400 29
(Matt: What is Madagascar?)
(Mike: What is Australia?)

New Guinea

MikeMatt
Triple Stumper
    $400 27
(Michelle: No response)

Pacifico Claro

Michelle
Triple Stumper
    $400 16
Princess Margaret

Mike
    $400 11
Alice

Michelle
    $400 25
(Michelle: What is steel?)

Concrete

MichelleMatt
    $500 4
(Mike: What is a shoot-up?)
(Alex: No, we can't accept that.)

Shoot 'em up

Mike
    $500 30
Madagascar

Michelle
    $500 28
Beck's

Michelle
    $500 17
Geraldine Ferraro

Michelle
    $500 12
Baretta

Mike
    $500 26
(Michelle: What is the Foreign Legion?)

Siege (lay siege to a fort)

Michelle
Triple Stumper
    $500 7
Wickiup

Triple Stumper

Scores at the first commercial break (after clue 15):

Michelle Mike Matt
$900 $400 $400

Scores at the end of the Jeopardy! Round:

Michelle Mike Matt
$1,800 $400 $200

Double Jeopardy! Round responses

R.I.P. IN ALABAMA
(Alex: People who are interred there.)
MARRIAGE-GO-ROUND
ENGLISH
LEGAL LINGO
THE GREAT GATSBY
(Alex: The book, yes!)
OLD SPORT
(Alex: What Gatsby called everybody.)
    $200 20
George Washington Carver

Michelle
    $200 5
Elizabeth Taylor

Michelle
    $200 3
Samuel Morse

Mike
    $200 9
Hate crime

Michelle
    $200 14
Bootlegging

Michelle
    $200 1
(Alex: My, how times have changed!)

NBA (National Basketball Association)

Michelle
    $400 21
The Temptations

Mike
    $400 6
Elizabeth Taylor

Mike
    $400 4
(Michelle: What is T?)
(Mike: What is E?)
...
(Alex: You don't need a "B" in debt.)

B

MichelleMike
Triple Stumper
    $400 10
Plaintiff

Mike
    $400 15
Alan Ladd

Mike
    $400 2
(Mike: What is golf?)

Golf clubs

Mike
Triple Stumper
    $600 22
Pat Buttram

Triple Stumper
    $600 7
Elizabeth Taylor

Mike
    $600 11
"Beowulf"

Matt
    $600 13
Deliberations

Mike
    $600 16
Zelda

Michelle
    $600 17
John L. Sullivan

Mike
    $800 25
Hank Williams, Sr.

Triple Stumper
    $800 8
Debbie Reynolds

Michelle
    $800 12
Oxford English Dictionary

Michelle
    $800 27
(Michelle: What is an indictment hearing?)

Arraignment

MichelleMatt
    $800 23
Chicago Black Sox

Matt
    $800 18
Washington Senators

Matt
    $1000 26
Lurleen B. Wallace

Mike
    $1000 30
(Mike: Who is Liz Taylor?)

Connie Stevens

Mike
Triple Stumper
    $1000 29
Lollapalooza

Michelle
    $800 28
(Matt: No response)

Discovery

Matt
    $1000 24
(minute to go...)

Jay

Matt
    $600 19
Bobsledding

Matt

Scores at the end of the Double Jeopardy! Round:

Michelle Mike Matt
$4,800 $3,200 $4,000

[wagering suggestions for these scores]

Final Jeopardy! Round responses

AFRICAN MYTHOLOGY
(Alex: And it won't be about Elizabeth Taylor!)
MikeWhat is ?
$3,199
MattWhat are hyenas?
$2,100
MichelleWhat are
$3,201
Hippos

Final scores:

Michelle Mike Matt
$1,599 $1 $1,900
2nd place: Trip to Amsterdam courtesy of Priceline.com 3rd place: Eagle Creek Travel Gear New champion: $1,900

Game dynamics:

Coryat scores:

Michelle Mike Matt
$4,800 $3,700 $5,200
20 R,
6 W
16 R,
8 W
(including 1 DD)
11 R
(including 1 DD),
4 W
(including 1 DD)

Combined Coryat: $13,700

[game clues] [game scores] [suggest correction]

Game tape date: 2000-09-28
The J! Archive is created by fans, for fans. Scraping, republication, monetization, and malicious use prohibited; this site may use cookies and collect identifying information. See terms. The Jeopardy! game show and all elements thereof, including but not limited to copyright and trademark thereto, are the property of Jeopardy Productions, Inc. and are protected under law. This website is not affiliated with, sponsored by, or operated by Jeopardy Productions, Inc. Join the discussion at JBoard.tv.